Responses for Show #5004 - Thursday, May 18, 2006

2006 Tournament of Champions final game 1.

Contestants

[<< previous game]

Vik Vaz, a medical student from Austin, Texas

Michael Falk, a meteorologist from Milwaukee, Wisconsin

Bill MacDonald, an attorney from Bonita Springs, Florida

[next game >>]

Jeopardy! Round responses

HEALTH MATTERS
FAMOUS PAIRS
(Alex: This is an interesting twist on the traditional FAMOUS PAIRS. We hope you have fun with it.)
MACHINERY
VICE PRESIDENT... THE SITCOM!
3 OF A KIND
BACKWORDS
(Alex: Each correct response will be found in the clue itself, but in reverse order.)
    $200 14
caffeine

Vik
    $200 1
(Evander) Holyfield & (Mike) Tyson

Vik
    $200 26
pulleys

Michael
    $200 3
Al Gore

Bill
    $200 9
eggs

Bill
    $200 20
(Michael: ...Ah!)

denim (mined)

Michael
Triple Stumper
    $400 15
breast cancer

Vik
    $400 2
(Vik: Who are William & Mary?)
...
(Alex: Yes, [*] with the top lopped off. Go again.)

Henry VIII & Anne Boleyn

BillVik
    $400 27
spinning

Michael
    $400 4
(Bill: Who is Breckinridge?)
(Alex: What's his first name?)

John Breckinridge

Bill
    $400 10
James Bonds

Michael
    $400 21
Suez (Zeus)

Michael
    $600 16
cataracts

Michael
    $600 8
Lot & his wife

Michael
    $600 28
(Vik: What is a wireless? ...circuit?)

a relay

Vik
Triple Stumper
    $1,000 5
Cheney

Bill
    $600 11
Volkswagen models

Bill
    $600 22
paws (swap)

Bill
    $800 17
root canal

Michael
    $800 19
[Alex cracks up reading the clue.]
...
(Alex: I told you we'd had fun--we'd have fun with this.)

Bonnie & Clyde

Bill
    $800 29
a milker

Michael
    $800 6
(John) Tyler

Vik
    $800 12
popes

Vik
    $800 23
ave (Eva)

Vik
    $1000 18
MSG

Vik
    $1000 24
Dr. Jekyll & Mr. Hyde

Michael
    $1000 30
(Bill: What is a ratchet?)

an escapement

Bill
Triple Stumper
    $1000 7
Hannibal Hamlin

Vik
    $1000 13
(Vik: What are African tribes?)
(Alex: No.)
(Bill: What are African [*]?)
(Alex: [*], yeah...)
(Judges: No, no!)
(Alex: No, sorry. Michael?)
(Michael: What are [*]?)
(Alex: Yes, [*] alone. Sinhala is not an African [*].)
[Michael's correct response was reversed after the first break because Alex had already given the response.]

languages

BillVik
Triple Stumper
    $1000 25
serif (fires)

Bill

Scores at the first commercial break (after clue 14):

Bill Michael Vik
$1,800 $1,000 $1,600

Scores at the end of the Jeopardy! Round:

Bill Michael Vik
$3,200 $5,000 $3,200

Double Jeopardy! Round responses

PULITZER PRIZE-WINNING BIOS
SAMS OF THE CINEMA
OPERA, LIKE IT OR NOT
CONTINENTAL BREAKFAST
U.N. SECRETARIES-GENERAL
BEFORE, DURING & AFTER
(Alex: It's sort of like BEFORE & AFTER, but with that added element that'll make it most enjoyable for the three of you.) [Laughter]
    $400 9
Profiles in Courage

Bill
    $400 1
[Bill selected the first clue.]

Sam Waterston

Vik
    $400 17
aria

Vik
    $400 22
Russia

Michael
    $400 16
U Thant

Michael
    $400 6
Elsie the Cow Catcher in the Rye

Bill
    $800 5
(Samuel) Johnson

Bill
    $800 27
Sam Raimi

Bill
    $800 19
Vixen

Michael
    $800 23
Spain

Michael
    $800 15
Waldheim

Michael
    $800 7
Lazy Susan B. Anthony Burgess

Michael
    $1200 2
(Grover) Cleveland

Vik
    $1200 28
Sam Shepard

Bill
    $5,000 18
Aida

Vik
    $1200 24
Israel

Triple Stumper
    $1200 12
Dag Hammarskjold

Michael
    $1200 8
(Bill: Who is William of Orange Julius Caesar?)

Speaker of the House of Orange Julius (Speaker of the House of Orange Julius Caesar accepted)

BillVik
    $3,200 3
(Vik: Who is Harriet Tubman?)

Julia Ward Howe

Vik
    $1600 29
Sam Peckinpah

Bill
    $1600 20
Patty Hearst

Vik
    $1600 25
Switzerland

Michael
    $1600 13
[ERRATUM: Boutros-Ghali is Copt, not Arab.]

Boutros Boutros-Ghali

Vik
    $1600 10
"Saturday Night's Alright For Fighting Irish Setter"

Michael
    $2000 4
John Muir

Vik
    $2000 30
Sam Fuller

Triple Stumper
    $2000 21
The Crucible

Vik
    $2000 26
Turkey

Vik
    $2000 14
Trygve Lie

Michael
    $2000 11
(Bill: What is "My Wild Irish Rose Garden Of Earthly Delights"?)

"La Vie En Rose Garden Of Earthly Delights"

Bill
Triple Stumper

Scores at the end of the Double Jeopardy! Round:

Bill Michael Vik
$5,200 $15,400 $17,400

Final Jeopardy! Round responses

LEGAL TERMS
BillWhat is insurrection?
$5,200
MichaelWhat is sedition?
$2,000
VikWhat is sedition
$13,400
sedition

Final scores:

Bill Michael Vik
$0 $17,400 $30,800

Game dynamics:

Coryat scores:

Bill Michael Vik
$4,800 $15,400 $16,800
15 R
(including 1 DD),
4 W
19 R,
1 W
18 R
(including 1 DD),
4 W
(including 1 DD)

Combined Coryat: $37,000

[game clues] [game scores] [suggest correction]

Game tape date: 2006-04-11
The J! Archive is created by fans, for fans. Scraping, republication, monetization, and malicious use prohibited; this site may use cookies and collect identifying information. See terms. The Jeopardy! game show and all elements thereof, including but not limited to copyright and trademark thereto, are the property of Jeopardy Productions, Inc. and are protected under law. This website is not affiliated with, sponsored by, or operated by Jeopardy Productions, Inc. Join the discussion at JBoard.tv.